00754nam a2200217Ii 45000010005000000030009000050080041000140400033000550410008000880820013000961000029001092450039001382640059001773000012002363360026002483370028002743380027003029400050003299990017003799520140003967380CO-ViMGA241108s9999||||xx |||||||||||||| ||und|| aCO-ViMGAbspaerdacCO-ViMGA0 aunk04a980-C6411 aStephen Clissoold95708110aPerfil cultural de latinoamérica 1a[Lugar de publicación no identificado] : Labor, 1965 avolumen atextbtxt2rdacontent aunmediatedbn2rdamedia avolumebnc2rdacarrier aidficha_siabuc: 7209. -- ficha_no_siabuc:7380 c55328d55328 001040708001aMEVIGERRbMEVIGERRcGENd2006-11-27hVol.1o980-C641pECA7234r2024-11-26 10:42:11tEj.1w2024-11-26yBKz7209 | 10115